Kafka – Vì một nền văn học thiểu số
Gồm nhiều bài viết nghiên cứu về tư tưởng, phong cách và ngôn ngữ văn chương của Kafka
Guardado en:
| Autor principal: | |
|---|---|
| Otros Autores: | , , |
| Formato: | Libro |
| Lenguaje: | Vietnamese German |
| Publicado: |
H.
Tri thức
2013
|
| Materias: | |
| Etiquetas: |
Agregar Etiqueta
Sin Etiquetas, Sea el primero en etiquetar este registro!
|
| Thư viện lưu trữ: | Mạng thư viện Đại học Đà Nẵng |
|---|
| LEADER | 01696aam a22004338a 4500 | ||
|---|---|---|---|
| 001 | 000022942 | ||
| 003 | 19391 | ||
| 005 | 20150521150519.0 | ||
| 008 | 150520s2013 viesd | ||
| 020 | |c 50000đ |d 500b | ||
| 041 | 1 | |a vie |h ger | |
| 082 | 1 | 4 | |2 14 |a 833.8 |b DE-G |
| 100 | 1 | |a Deleuze, Gilles | |
| 245 | 1 | 0 | |a Kafka – Vì một nền văn học thiểu số |c Gilles Deleuze, Guattari Félix ; Nguyễn Thị Từ Huy dịch ; H.đ., giới thiệu: Bùi Văn Nam Sơn |
| 260 | |a H. |b Tri thức |c 2013 | ||
| 300 | |a 242 tr. |c 21 cm. | ||
| 500 | |a Tên sách bằng tiếng Pháp: Kafka. Pour une littérature mineure | ||
| 504 | |a Thư mục ở đầu sách | ||
| 520 | |a Gồm nhiều bài viết nghiên cứu về tư tưởng, phong cách và ngôn ngữ văn chương của Kafka | ||
| 600 | 1 | 7 | |2 Bộ TK TVQG |a Kafka, Franz |c Nhà văn |d 1883-1924 |y 1883 – 1924 |z Séc |
| 650 | 0 | 4 | |2 Bộ TK TVQG |a Văn học Đức |
| 650 | 7 | |2 Bộ TK TVQG | |
| 651 | 7 | |2 Bộ TK TVQG |a Séc | |
| 653 | |a Văn học thiểu số | ||
| 653 | |a Văn học hiện đại | ||
| 653 | |a Kafka, Franz | ||
| 700 | 1 | |a Nguyễn Thị Từ Huy |e dịch | |
| 700 | 1 | |a Bùi Văn Nam Sơn |e h.đ., giới thiệu | |
| 700 | 1 | |a Félix, Guattari | |
| OWN | |a LSP | ||
| AVA | |a UDN50 |b LSP |d 833.8 DE-G |e available |t Error 5001 Not defined in file expand_doc_bib_avail. |f 5 |g 0 |h N |i 0 |k 1 | ||
| 999 | |a From the UDN01 | ||
| AVA | |a UDN50 |b LSP |d 833.8 DE-G |e available |t Error 5001 Not defined in file expand_doc_bib_avail. |f 5 |g 0 |h N |i 0 |k 1 | ||
| TYP | |a Monograph | ||
| TYP | |a Printed language | ||
| 980 | |a Mạng thư viện Đại học Đà Nẵng | ||